|
|
|
|
| LEADER |
00000ckm a2200000 a 4500 |
| 001 |
vtls001205319 |
| 003 |
SK-MaSNL |
| 005 |
20260331202756.0 |
| 007 |
kf co |
| 008 |
180703s1990 xo g 0kuslo |
| 015 |
|
|
|a SNBG1990
|
| 035 |
|
|
|a SNK000148389
|
| 040 |
|
|
|a SNK
|b slo
|c SNK
|e AACR2
|
| 041 |
0 |
|
|a slo
|
| 043 |
|
|
|a e-xo---
|
| 044 |
|
|
|a xo
|c SK
|
| 072 |
|
7 |
|a 908(437)
|x Vlastiveda Česka a Slovenska
|2 konspekt
|
| 080 |
|
|
|a 913(437.6)
|2 2011
|
| 080 |
|
|
|a 908(437.6)
|2 2011
|
| 080 |
|
|
|a (084.121)
|2 2011
|
| 080 |
|
|
|a 911.2(23.0)
|2 2011
|
| 080 |
|
|
|a 551.332.56
|2 2011
|
| 080 |
|
|
|a 640.412
|2 2011
|
| 080 |
|
|
|a 728.5
|2 2011
|
| 080 |
|
|
|a 614.214
|2 2011
|
| 080 |
|
|
|a 630*10
|2 2011
|
| 080 |
|
|
|a (282.3)
|2 2011
|
| 100 |
1 |
|
|a Staněk, Oldřich,
|d 1914-2005
|4 pht
|9 121989
|
| 245 |
1 |
0 |
|a Demänovská dolina - Jasná
|h grafika
|c foto: O. Staněk, J. Blažek, J. Kubiček, O. Fogel ; grafický návrh: S. Štubňa
|
| 246 |
1 |
|
|i Názov na adresnej časti:
|a Vrbické pleso
|
| 246 |
1 |
|
|i Názov na adresnej časti:
|a Mikulášska chata
|
| 246 |
1 |
|
|i Názov na adresnej časti:
|a Juniorhotel Björnson
|
| 246 |
1 |
|
|i Názov na adresnej časti:
|a Zotavovňa ROH SNP
|
| 260 |
|
|
|a Bratislava
|b ČSTK-Pressfoto
|c 1990
|e Skalica
|f Grafobal
|
| 300 |
|
|
|a 1 pohľadnica (4 čiastkové pohľady)
|b farebná
|c 11 x 15 cm
|
| 500 |
|
|
|a Názvové údaje prevzaté z obrazovej časti pohľadnice
|
| 520 |
8 |
|
|a Zobrazenie: Štyri čiastkové pohľady oddelené bielymi líniami. Vľavo aj vpravo sú po celej výške pohľadnice červeno-biele pásy. V prvom pohľade je vodorovne hore bielym písmom názov. Pohľad na Vrbické pleso. Vľavo v popredí vidnona brehu časť pňa a konárov stromu, za ním je piesočný breh a vpravo pás trávy. Za brehom je hladina plesa. V pozadí je na druhom brehu plesa vidno hustý ihličnatý les. Na jeho okraji je uprostred záberu nízka stavba. V diaľke za lesom sú vysoké hory. Pohľad na Mikulášsku chatu, poschodovú budovu vľavo v pozadí za cestou. Na ceste je jedno osobné auto. Vľavo od cesty je niekoľko ľudí, vpravo je vidno ďalšiu skupinu ľudí pred chatou. Vľavo aj vpravo v popredí sú vedľa cesty, na trávnatej ploche, dva vysoké ihličnaté stromy. Pohľad na Juniorhotel Björnson. Vľavo aj vpravo pred ním stoja dve autá. Vľavo hore zasahuje do záberu konár ihličnatého stromu. Vpravo vidno za hotelom vysoké ihličnaté stromy. V popredí je prázdna cesta a parkovisko. Pohľad na Zotavovňu ROH SNP za vysokými ihličnatými stromami lesa v pozadí za Vrbickým plesom v popredí. V diaľke vidno vysoké hory
|
| 650 |
0 |
7 |
|a hory
|2 SNKPH
|9 55651
|
| 650 |
0 |
7 |
|a horské plesá
|2 SNKPH
|9 171908
|
| 650 |
0 |
7 |
|a hotely
|2 SNKPH
|9 18422
|
| 650 |
0 |
7 |
|a horské chaty
|2 SNKPH
|9 98865
|
| 650 |
0 |
7 |
|a zotavovne
|2 SNKPH
|9 161874
|
| 650 |
0 |
7 |
|a lesy
|2 SNKPH
|9 1437
|
| 651 |
|
7 |
|a Demänovská dolina (Slovensko)
|2 SNKPHgeo
|9 67586
|
| 651 |
|
7 |
|a Jasná (Nízke Tatry, Slovensko)
|2 SNKPHgeo
|9 118693
|
| 651 |
|
7 |
|a Vrbické pleso (Nízke Tatry, Slovensko)
|2 SNKPHgeo
|9 17539
|
| 655 |
|
7 |
|a miestne pohľadnice
|2 SNKPH
|9 70510
|
| 655 |
|
7 |
|a geografické pohľadnice
|2 SNKPH
|9 70522
|
| 700 |
1 |
|
|a Blažek, J.
|c (fotograf)
|4 pht
|9 283309
|
| 700 |
1 |
|
|a Kubiček, J.
|c (fotograf)
|4 pht
|9 283308
|
| 700 |
1 |
|
|a Fogel, Ondrej
|4 pht
|9 181520
|
| 700 |
1 |
|
|a Štubňa, Stanislav
|c (grafik)
|4 art
|9 283307
|
| 958 |
|
|
|a GBN
|
| 958 |
|
|
|a GC
|
| 958 |
|
|
|a OND
|
| 999 |
|
|
|c 685367
|d 687297
|
| 952 |
|
|
|a SNK
|b SNK
|y PREZ
|7 0
|p 17A1281406
|o snkSP 142279
|i snk2045/90
|0 0
|1 0
|4 0
|d 2021-07-06
|f 1
|l 0
|r 2026-02-23 20:10:18
|w 2026-02-23
|
| 952 |
|
|
|a SNK
|b SNK
|y PREZ
|7 0
|p 17A1282367
|o snkSP 142279 D1
|i snk2046/90
|0 0
|1 0
|4 0
|d 2021-07-06
|l 0
|r 2026-02-23 20:10:18
|w 2026-02-23
|